| 000 | 00634cam a22002532c 4500 | ||
|---|---|---|---|
| 001 | 1404961011 | ||
| 003 | DE-627 | ||
| 005 | 20260205133151.0 | ||
| 007 | tu | ||
| 008 | 101215s1970 xx ||||| 00| ||ger c | ||
| 035 | _a(DE-627)1404961011 | ||
| 035 | _a(DE-576)334961017 | ||
| 035 | _a(DE-599)BSZ334961017 | ||
| 035 | _a(OCoLC)72294952 | ||
| 040 |
_aDE-627 _bger _cDE-627 _erakwb |
||
| 041 | _ager | ||
| 100 | 1 |
_aWeber, Hans _d1937-1987 _4aut |
|
| 245 | 1 | 0 |
_aSprung ins Riesenrad _bRoman _cHans Weber |
| 250 | _a3. Aufl. | ||
| 260 |
_aBerlin _bVerlag Neues Leben _c1970 |
||
| 300 | _a376 S. | ||
| 942 |
_2z _cB |
||
| 951 | _aBO | ||
| 999 |
_c374244 _d374244 |
||